[Event "Niedersachsen-ch Seniors op 14th"]
[Site "Bad Bevensen"]
[Date "2011.07.10"]
[Round "6"]
[White "Detert, Heinz"]
[Black "Spindler, Egbert"]
[Result "1-0"]
[WhiteElo "1810"]
[BlackElo "1596"]
[PlyCount "55"]
[EventDate "2011.07.05"]
[EventType "swiss"]
[EventRounds "9"]
[EventCountry "GER"]
[SourceTitle "EXT 2012"]
[Source "ChessBase"]
[SourceDate "2011.11.24"]
[SourceVersion "1"]
[SourceVersionDate "2011.11.24"]
[SourceQuality "1"]

1. d4 d5 2. Nf3 g6 3. e3 Bg7 4. Bd3 Nf6 5. Nbd2 0-0 6. c4 c6 7. b4 Nbd7 8. Bb2 a5 9. b5 c5 10. Qc2 cxd4 11. Bxd4 Re8 12. Qc3 Nf8 13. 0-0 Ne6 14. c5 Nxd4 15. exd4 Qc7 16. Ne5 Nd7 17. f4 f6 18. Nxd7 Bxd7 19. Qb3 e6 20. g3 a4 21. Qb4 e5 22. fxe5 fxe5 23. Bc2 Qa5 24. Rab1 exd4 25. Nf3 Re2 26. Rfc1 Bf5 27. Bxf5 gxf5 28. Nxd4 1-0

[Event "Niedersachsen-ch Seniors op 13th"]
[Site "Bad Bevensen"]
[Date "2010.07.11"]
[Round "6"]
[White "Detert, Heinz"]
[Black "Kripp, Wolfgang"]
[Result "1/2-1/2"]
[WhiteElo "1848"]
[BlackElo "1967"]
[PlyCount "26"]
[EventDate "2010.07.06"]
[EventType "swiss"]
[EventRounds "9"]
[EventCountry "GER"]
[SourceTitle "EXT 2012"]
[Source "ChessBase"]
[SourceDate "2011.11.24"]
[SourceVersion "1"]
[SourceVersionDate "2011.11.24"]
[SourceQuality "1"]

1. d4 Nf6 2. Nf3 d5 3. e3 c6 4. c4 Bg4 5. Qb3 Qb6 6. Ne5 Bf5 7. c5 Qc7 8. Nc3 Ne4 9. Nxe4 Bxe4 10. f3 Bg6 11. Bd2 e6 12. h4 f6 13. Nxg6 hxg6 1/2-1/2

[Event "Bad Bevensen Seniors op 12th"]
[Site "Bad Bevensen"]
[Date "2009.07.13"]
[Round "7"]
[White "Detert, Heinz"]
[Black "Borkenhagen, Bernd"]
[Result "1/2-1/2"]
[WhiteElo "1740"]
[BlackElo "1467"]
[PlyCount "84"]
[EventDate "2009.07.07"]
[EventType "swiss"]
[EventRounds "9"]
[EventCountry "GER"]
[SourceTitle "EXT 2022"]
[Source "ChessBase"]
[SourceDate "2021.10.06"]
[SourceVersion "1"]
[SourceVersionDate "2021.10.06"]
[SourceQuality "1"]

1. d4 d5 2. Nf3 b6 3. e3 Bb7 4. Bd3 Nf6 5. 0-0 e6 6. b3 Bd6 7. Bb2 Nbd7 8. Ne5 0-0 9. Nd2 Ne4 10. c4 Nxd2 11. Qxd2 Nf6 12. cxd5 Bxd5 13. f3 c5 14. Ba6 Rb8 15. Rfd1 Nd7 16. Nxd7 Qxd7 17. e4 Bb7 18. Be2 Rfd8 19. Kh1 Qe7 20. e5 Bc7 21. Qe3 cxd4 22. Bxd4 Bd5 23. Rac1 Rdc8 24. Rc2 Bd8 25. Rdc1 Rxc2 26. Rxc2 Qd7 27. Bb2 Rc8 28. Rd2 Qb7 29. Bd3 Be7 30. Qe2 Rc7 31. Ba6 Qa8 32. Rd4 g6 33. h4 h5 34. Bc4 Bxc4 35. Rxc4 Qc8 36. g3 Rxc4 37. Qxc4 Qxc4 38. bxc4 a5 39. Kg2 Kg7 40. Kf2 Bd8 41. f4 Kf8 42. Ke3 Ke7 1/2-1/2

[Event "Bad Bevensen Seniors op 12th"]
[Site "Bad Bevensen"]
[Date "2009.07.07"]
[Round "1"]
[White "Fister, Horst Lothar"]
[Black "Detert, Heinz"]
[Result "1/2-1/2"]
[WhiteElo "1368"]
[BlackElo "1740"]
[PlyCount "37"]
[EventDate "2009.07.07"]
[EventType "swiss"]
[EventRounds "9"]
[EventCountry "GER"]
[SourceTitle "EXT 2022"]
[Source "ChessBase"]
[SourceDate "2021.10.06"]
[SourceVersion "1"]
[SourceVersionDate "2021.10.06"]
[SourceQuality "1"]

1. Nf3 d5 2. g3 c6 3. Bg2 f5 4. d3 Nf6 5. 0-0 Nbd7 6. b3 e5 7. Bb2 Bd6 8. c4 d4 9. Ba3 c5 10. Nbd2 0-0 11. e4 fxe4 12. dxe4 Qc7 13. Nh4 Nb6 14. Bc1 a5 15. a4 Be6 16. Nb1 Qd7 17. Bg5 h6 18. Bc1 Kh7 19. Qd3 1/2-1/2

[Event "Hessen-ch Seniors op 05th"]
[Site "Bad Sooden-Allendorf"]
[Date "2009.04.29"]
[Round "5"]
[White "Detert, Heinz"]
[Black "Just, Fred"]
[Result "1-0"]
[WhiteElo "1822"]
[BlackElo "2027"]
[PlyCount "132"]
[EventDate "2009.04.25"]
[EventType "swiss"]
[EventRounds "9"]
[EventCountry "GER"]
[SourceTitle "EXT 2022"]
[Source "ChessBase"]
[SourceDate "2021.10.06"]
[SourceVersion "1"]
[SourceVersionDate "2021.10.06"]
[SourceQuality "1"]

1. d4 d5 2. Nf3 Nf6 3. e3 c5 4. c3 Nc6 5. Nbd2 cxd4 6. exd4 Bf5 7. Bb5 Qb6 8. Qe2 e6 9. 0-0 Be7 10. Re1 0-0 11. Nh4 Bg4 12. Nhf3 Bh5 13. Bd3 Qc7 14. Nf1 a6 15. Ng3 Bg6 16. Bxg6 hxg6 17. Ng5 Bd6 18. Nf3 b5 19. Bd2 Qb6 20. a3 a5 21. Ne5 Rfe8 22. Rac1 Rac8 23. h4 b4 24. axb4 axb4 25. h5 gxh5 26. Nxh5 Nxh5 27. Qxh5 Nxe5 28. dxe5 g6 29. Qg4 Rc4 30. Qf3 Be7 31. Be3 Qc7 32. Bd4 bxc3 33. bxc3 Bc5 34. Rcd1 Rc8 35. Qf6 Qd8 36. Qf4 Bxd4 37. cxd4 Kg7 38. Re3 Qe7 39. Rh3 Rh8 40. Rdd3 g5 41. Qg4 Rc1+ 42. Kh2 Rcc8 43. Rdf3 Rxh3+ 44. gxh3 Rg8 45. Rg3 Kf8 46. Kg2 Rg6 47. Rb3 Qc7 48. Qf3 Kg7 49. Qc3 Qxc3 50. Rxc3 Rh6 51. Rg3 Kg6 52. f4 Rh5 53. Rxg5+ Rxg5+ 54. fxg5 Kxg5 55. Kg3 Kf5 56. h4 Ke4 57. h5 Kf5 58. Kh4 f6 59. exf6 Kxf6 60. Kg4 e5 61. dxe5+ Kxe5 62. Kg5 Ke6 63. Kg6 d4 64. h6 d3 65. h7 d2 66. h8Q d1Q 1-0

[Event "Hessen-ch Seniors op 05th"]
[Site "Bad Sooden-Allendorf"]
[Date "2009.04.27"]
[Round "3"]
[White "Detert, Heinz"]
[Black "Boehm, Siegfried"]
[Result "1-0"]
[WhiteElo "1822"]
[BlackElo "1940"]
[PlyCount "96"]
[EventDate "2009.04.25"]
[EventType "swiss"]
[EventRounds "9"]
[EventCountry "GER"]
[SourceTitle "EXT 2022"]
[Source "ChessBase"]
[SourceDate "2021.10.06"]
[SourceVersion "1"]
[SourceVersionDate "2021.10.06"]
[SourceQuality "1"]

1. d4 Nf6 2. Nf3 e6 3. e3 b6 4. Bd3 Bb7 5. Nbd2 c5 6. c3 Be7 7. 0-0 cxd4 8. exd4 0-0 9. Qe2 a6 10. a4 d6 11. Re1 Re8 12. Nf1 Nbd7 13. Ng3 Nf8 14. Ng5 g6 15. f4 Nd5 16. Nf3 Bf6 17. Ne4 Bg7 18. Bd2 f5 19. Neg5 h6 20. Nh3 Nf6 21. Nf2 d5 22. Ne5 Ne4 23. Be3 Bf6 24. Rec1 Re7 25. c4 Rg7 26. c5 bxc5 27. dxc5 d4 28. Bd2 Bxe5 29. fxe5 Nxd2 30. Qxd2 Qd5 31. Nh3 g5 32. b4 Rc8 33. Qe2 Rcc7 34. Bc4 Qe4 35. Bd3 Qd5 36. Bc4 Qe4 37. Bd3 Qxe2 38. Bxe2 Nd7 39. Nf2 Nxe5 40. b5 axb5 41. axb5 Be4 42. b6 Rc8 43. Nxe4 fxe4 44. Ba6 Rd8 45. c6 Nxc6 46. Rxc6 d3 47. b7 d2 48. Rc8 Rgd7 1-0

[Event "Niedersachsen-ch Seniors op 11th"]
[Site "Bad Bevensen"]
[Date "2008.07.12"]
[Round "5"]
[White "Detert, Heinz"]
[Black "Eidelmann, Vova"]
[Result "0-1"]
[WhiteElo "1825"]
[BlackElo "1950"]
[PlyCount "46"]
[EventDate "2008.07.08"]
[EventType "swiss"]
[EventRounds "9"]
[EventCountry "GER"]
[SourceTitle "EXT 2022"]
[Source "ChessBase"]
[SourceDate "2021.10.06"]
[SourceVersion "1"]
[SourceVersionDate "2021.10.06"]
[SourceQuality "1"]

1. d4 Nf6 2. Nf3 e6 3. e3 b6 4. Bd3 Bb7 5. Nbd2 Be7 6. e4 c5 7. c3 0-0 8. 0-0 Nc6 9. Re1 Qc7 10. Nf1 cxd4 11. cxd4 Nb4 12. Bb1 Rac8 13. Ng3 Nc2 14. Bxc2 Qxc2 15. Qxc2 Rxc2 16. a3 Rfc8 17. b4 Nxe4 18. Nxe4 Bxe4 19. Rxe4 Rxc1+ 20. Rxc1 Rxc1+ 21. Ne1 Kf8 22. Kf1 Ke8 23. Ke2 d5 0-1

[Event "Niedersachsen-ch Seniors op 11th"]
[Site "Bad Bevensen"]
[Date "2008.07.11"]
[Round "4"]
[White "Peleikis, Horst"]
[Black "Detert, Heinz"]
[Result "0-1"]
[WhiteElo "1927"]
[BlackElo "1825"]
[PlyCount "42"]
[EventDate "2008.07.08"]
[EventType "swiss"]
[EventRounds "9"]
[EventCountry "GER"]
[SourceTitle "EXT 2022"]
[Source "ChessBase"]
[SourceDate "2021.10.06"]
[SourceVersion "1"]
[SourceVersionDate "2021.10.06"]
[SourceQuality "1"]

1. e4 c5 2. Nf3 d6 3. d4 cxd4 4. Nxd4 Nf6 5. Nc3 g6 6. Be3 Bg7 7. f3 0-0 8. Qd2 Nc6 9. Bc4 Nxd4 10. Bxd4 Be6 11. Bxe6 fxe6 12. 0-0-0 Qa5 13. Kb1 Rac8 14. Ne2 Qxd2 15. Rxd2 a6 16. c3 Bh6 17. Rdd1 e5 18. Bf2 Ng4 19. Bh4 Nf6 20. Bxf6 Rxf6 21. Ng3 Rf4 0-1

[Event "Niedersachsen-ch Seniors op 10th"]
[Site "Bad Bevensen"]
[Date "2007.07.11"]
[Round "9"]
[White "Hellwege, Werner"]
[Black "Detert, Heinz"]
[Result "0-1"]
[WhiteElo "1884"]
[BlackElo "1880"]
[PlyCount "44"]
[EventDate "2007.07.03"]
[EventType "swiss"]
[EventRounds "9"]
[EventCountry "GER"]
[SourceTitle "EXT 2022"]
[Source "ChessBase"]
[SourceDate "2021.10.06"]
[SourceVersion "1"]
[SourceVersionDate "2021.10.06"]
[SourceQuality "1"]

1. d4 d5 2. c4 c6 3. Nf3 e6 4. e3 Nf6 5. Nc3 Nbd7 6. Bd3 dxc4 7. Bxc4 b5 8. Bb3 a6 9. 0-0 c5 10. Qe2 Bb7 11. Bc2 Rc8 12. e4 cxd4 13. Nxd4 Bc5 14. Nb3 Bb6 15. e5 Nd5 16. Qg4 Nxe5 17. Qxg7 Qf6 18. Qxf6 Nxf6 19. Bg5 Rg8 20. h4 h6 21. Bxf6 Rxg2+ 22. Kh1 Rxc3 0-1

[Event "Hessen-ch Seniors op 03rd"]
[Site "Bad Sooden-Allendorf"]
[Date "2007.05.06"]
[Round "9"]
[White "Nagorni, Walter"]
[Black "Detert, Heinz"]
[Result "1/2-1/2"]
[WhiteElo "1954"]
[BlackElo "1852"]
[PlyCount "52"]
[EventDate "2007.04.27"]
[EventType "swiss"]
[EventRounds "9"]
[EventCountry "GER"]
[SourceTitle "EXT 2022"]
[Source "ChessBase"]
[SourceDate "2021.10.06"]
[SourceVersion "1"]
[SourceVersionDate "2021.10.06"]
[SourceQuality "1"]

1. Nf3 Nf6 2. c4 c6 3. g3 d5 4. Bg2 e6 5. 0-0 Nbd7 6. d4 Bd6 7. b3 0-0 8. Bb2 Re8 9. Nc3 dxc4 10. bxc4 e5 11. dxe5 Nxe5 12. Nxe5 Bxe5 13. Qc2 Qa5 14. Rab1 Bd4 15. e3 Bf5 16. e4 Be6 17. Ne2 Bxb2 18. Rxb2 Qc7 19. Rfb1 b6 20. Nd4 Nd7 21. Nxe6 Rxe6 22. f4 Nc5 23. e5 f6 24. exf6 Rxf6 25. Re1 Rd8 26. Re3 Qd6 1/2-1/2

[Event "Hessen-ch Seniors op 03rd"]
[Site "Bad Sooden-Allendorf"]
[Date "2007.05.02"]
[Round "5"]
[White "Detert, Heinz"]
[Black "Simon, Goetz Jochen"]
[Result "1-0"]
[WhiteElo "1852"]
[BlackElo "1638"]
[PlyCount "85"]
[EventDate "2007.04.27"]
[EventType "swiss"]
[EventRounds "9"]
[EventCountry "GER"]
[SourceTitle "EXT 2022"]
[Source "ChessBase"]
[SourceDate "2021.10.06"]
[SourceVersion "1"]
[SourceVersionDate "2021.10.06"]
[SourceQuality "1"]

1. d4 d5 2. Nf3 Nf6 3. e3 e6 4. Bd3 c5 5. b3 Nc6 6. a3 a5 7. Nbd2 cxd4 8. exd4 Bd6 9. Bb2 0-0 10. 0-0 Nd7 11. Qe2 Nf6 12. c4 Re8 13. Ne5 Bc7 14. Rad1 Bb6 15. c5 Bc7 16. f4 g6 17. Bc3 Qe7 18. Rf3 Nxe5 19. fxe5 Nd7 20. Qf2 Rf8 21. Rf1 Bd8 22. Bb5 f5 23. b4 Nb8 24. Nb3 axb4 25. Bxb4 Nc6 26. Qd2 Qg5 27. Qb2 Bc7 28. Bd2 Qe7 29. Qc1 Bd8 30. Rg3 Qf7 31. Bh6 Re8 32. a4 Bd7 33. Qf4 Na5 34. Nd2 b6 35. h4 Kh8 36. h5 Rg8 37. Rff3 bxc5 38. hxg6 Rxg6 39. Rxg6 hxg6 40. Bxd7 Qxd7 41. Bf8 g5 42. Qh2+ Kg8 43. Rh3 1-0

[Event "Rhoen/Bad Bocklet Seniors op-B 5th"]
[Site "Bad Bocklet"]
[Date "2004.11.18"]
[Round "1"]
[White "Otto, Adolf"]
[Black "Detert, Heinz"]
[Result "1-0"]
[WhiteElo "1648"]
[BlackElo "1882"]
[PlyCount "77"]
[EventDate "2004.07.09"]
[EventType "swiss"]
[EventRounds "9"]
[EventCountry "GER"]
[SourceTitle "EXT 2006"]
[Source "ChessBase"]
[SourceDate "2005.11.24"]
[SourceVersion "1"]
[SourceVersionDate "2005.11.24"]
[SourceQuality "1"]

1. d4 d5 2. Nf3 Nf6 3. c4 c6 4. Nc3 Nbd7 5. e3 e6 6. Be2 dxc4 7. Bxc4 b5 8. Bd3 a6 9. Qc2 c5 10. b3 Bb7 11. Ne4 Rc8 12. Qb1 cxd4 13. Nxd4 Bb4+ 14. Ke2 Bxe4 15. Bxe4 Bc3 16. Bb7 Bxa1 17. Qxa1 0-0 18. Bxa6 Rc7 19. Bxb5 Qa8 20. Bd2 e5 21. Nf3 Ne4 22. Bc4 Nxd2 23. Nxd2 Qa5 24. Rb1 Nb6 25. b4 Qa4 26. Bb3 Qb5+ 27. Ke1 Rd8 28. a4 Qd3 29. Qa2 Nd5 30. Bxd5 Rc2 31. Qxc2 Qxc2 32. e4 Qxa4 33. b5 Kf8 34. b6 g6 35. b7 Qa7 36. Nc4 Qb8 37. Na5 Rd7 38. Rb6 f5 39. Ra6 1-0